书目信息 |
| 题名: |
一户一表工程图集
|
|
| 作者: | 王利群 主编 | |
| 分册: | ||
| 出版信息: | 北京 中国电力出版社 2001.01 |
|
| 页数: | 200页 | |
| 开本: | 29cm | |
| 丛书名: | ||
| 单 册: | ||
| 中图分类: | TU85-64 | |
| 科图分类: | ||
| 主题词: | 房屋建筑设备:机电设备 | |
| 电子资源: | ||
| ISBN: | 7-5083-0454-3 | |
| 000 | 00571nam0 2200193 45 | |
| 001 | 0239157694 | |
| 005 | 2002041110523770 | |
| 010 | @a7-5083-0454-3@dRMB 58.00 | |
| 100 | @a20020411d2001 km y0chiy0120 ea | |
| 101 | 0 | @achi |
| 102 | @aCN@b110000 | |
| 200 | 1 | @a一户一表工程图集@Ayi hu yi biao gong cheng tu ji@f王利群主编@FWang Li Qun Zhu Bian |
| 210 | @a北京@c中国电力出版社@d2001.01 | |
| 215 | @a200页@d29cm | |
| 606 | 0 | @a房屋建筑设备:机电设备 |
| 690 | @aTU85-64@v3 | |
| 701 | 0 | @a王利群@AWang Li Qun@4主编 |
| 801 | 0 | @aCN@bPFT@c20020411 |
| 905 | @a10447@dTU85-64@eW255 | |
| 一户一表工程图集/王利群主编.-北京:中国电力出版社,2001.01 |
| 200页;29cm |
| ISBN 7-5083-0454-3:RMB 58.00 |
| ● |
| 相关链接 |
|
|
|
正题名:一户一表工程图集
索取号:TU85-64/W255
 
预约/预借
| 序号 | 登录号 | 条形码 | 馆藏地/架位号 | 状态 | 备注 |
| 1 | 352982 | 203529823 | 建筑库201/201建筑库 103排4列1层/ [索取号:TU85-64/W255] | 在馆 | |
| 2 | 352983 | 203529832 | 自科二线404/404自科库 17排2列4层/ [索取号:TU85-64/W255] | 在馆 | |
| 3 | 352984 | 203529841 | 建筑库201/201建筑库 103排4列1层/ [索取号:TU85-64/W255] | 在馆 |